[Event "It \"]
[Site "Basel (Switzerland)"]
[Date "2007.01.06"]
[Round "6"]
[White "Drabke Lorenz (GER)"]
[Black "Fernandez Aguado Juan Luis (E"]
[Result "1-0"]
[WhiteElo "2408"]
[BlackElo "2312"]
[PlyCount "51"]
[EventDate "2007.??.??"]
[Source "www.chesslib.no"]
[SourceDate "2004.05.04"]

1. e4 c5 2. Nf3 d6 3. d4 cxd4 4. Nxd4 Nf6 5. f3 e5 6. Bb5+ Nbd7 7. Nf5 d5 8. exd5 a6 9. Ba4 b5 10. Bb3 Nc5 11. Ne3 Bb7 12. c4 Qd7 13. Nc3 Bd6 14. Bc2 bxc4 15. Nxc4 Qc7 16. O-O O-O 17. Nxd6 Qxd6 18. Ne4 Nfxe4 19. fxe4 a5 20. Rf3 f5 21. Rxf5 Rxf5 22. exf5 Bxd5 23. Be3 Rb8 24. Qd2 Nb7 25. Rd1 Rd8 26. Qxd5+ 1-0

[Event "Groningen op"]
[Site "Groningen"]
[Date "1997.??.??"]
[Round "8"]
[White "Bosch, Jeroen"]
[Black "Shahade, Gregory P"]
[Result "1/2-1/2"]
[WhiteElo "2405"]
[BlackElo "2300"]
[PlyCount "89"]
[EventDate "1997.12.20"]
[Source "ChessBase"]
[SourceDate "1998.03.09"]

1. e4 c5 2. Nf3 d6 3. d4 cxd4 4. Nxd4 Nf6 5. f3 e5 6. Bb5+ Bd7 7. Bxd7+ Qxd7 8. Nf5 g6 9. Ng3 Bg7 10. Nc3 Nc6 11. Bg5 O-O 12. Qd2 Ne7 13. O-O-O Rfd8 14. Kb1 b5 15. Bxf6 Bxf6 16. Qe2 a6 17. Nf1 Rac8 18. Ne3 Rxc3 19. bxc3 Qc7 20. Nd5 Nxd5 21. Rxd5 Qxc3 22. Qd2 Qa3 23. h4 Rc8 24. Rd3 Qa4 25. Rb3 Qc4 26. Qd3 Qc5 27. h5 gxh5 28. Qd2 h4 29. Rc1 a5 30. Rd3 Be7 31. Rd5 Qc6 32. c3 Kg7 33. Qd3 b4 34. c4 a4 35. Rb5 Bd8 36. Qd5 b3 37. axb3 axb3 38. Qxc6 Rxc6 39. Rxb3 Bb6 40. Rc2 Kg6 41. Ra2 Bd4 42. Ra4 Rc8 43. Kc1 Rg8 44. Ra2 h3 45. gxh3 1/2-1/2

[Event "Ano Liosia op"]
[Site "Ano Liosia"]
[Date "1995.??.??"]
[Round "6"]
[White "Delithanasis, Dimitrios"]
[Black "Mainka, Romuald"]
[Result "0-1"]
[WhiteElo "2190"]
[BlackElo "2515"]
[PlyCount "121"]
[EventDate "1995.??.??"]
[Source "ChessBase"]

1. e4 c5 2. Nf3 d6 3. d4 cxd4 4. Nxd4 Nf6 5. f3 e5 6. Bb5+ Nbd7 7. Nf5 d5 8. exd5 a6 9. Bxd7+ Qxd7 10. Ne3 b5 11. O-O Bb7 12. Nc3 b4 13. Ne4 Nxd5 14. c4 bxc3 15. Nxd5 Qxd5 16. Qxd5 Bxd5 17. Nxc3 Bc5+ 18. Kh1 Bb7 19. Re1 f6 20. Be3 Rc8 21. Bxc5 Rxc5 22. Rad1 O-O 23. Kg1 a5 24. Rd7 Bc6 25. Rc7 Rd8 26. Kf2 a4 27. a3 h5 28. Re2 Rd4 29. Ke1 f5 30. Rd2 h4 31. h3 Kh7 32. Rxd4 exd4 33. Ne2 Re5 34. Kd2 Bb5 35. Nxd4 Bf1 36. Rc1 Bxg2 37. Rg1 Bxh3 38. Rh1 Bg2 39. Rxh4+ Kg6 40. Rh2 Bf1 41. Rh1 Ba6 42. Rc1 Kg5 43. Rc6 Bb5 44. Rb6 Bd7 45. Rb7 Rd5 46. Ke3 g6 47. f4+ Kg4 48. Rb6 Be8 49. Rb8 g5 50. fxg5 Bg6 51. Rb4 f4+ 52. Ke2 Kg3 53. Rxa4 Kg2 54. Ke1 Bd3 55. Nc2 Kg3 56. Nd4 Rxg5 57. Kd2 Bf1 58. Ra8 Rd5 59. Kc3 Rc5+ 60. Kd2 Rd5 61. Kc3 0-1